|
|
|
|
| LEADER |
01567nam a22003137a 4500 |
| 001 |
42984 |
| 003 |
BD-DhAAL |
| 008 |
240904t2001 nyua 0 0eng d |
| 020 |
|
|
|a 0078228107
|q student edition
|
| 020 |
|
|
|a 0078228115
|q teacher's wraparound edition
|
| 040 |
|
|
|a BD-DhAAL
|c BD-DhAAL
|
| 082 |
0 |
0 |
|a 420.71
|2 23
|
| 245 |
0 |
0 |
|a Writer's choice :
|b grammar and composition.
|n Grade 6.
|
| 246 |
|
|
|a Glencoe writer's choice :
|b grammar and composition
|
| 250 |
|
|
|a Texas edition.
|
| 260 |
|
|
|b
|
| 264 |
|
|
|a New York N.Y. :
|b Glencoe/McGraw-Hill,
|c 2001.
|
| 300 |
|
|
|a xxvii, 690 pages :
|b illustrations ;
|c 26 cm.
|
| 541 |
1 |
|
|a Donation from the Asia Foundation/Savar Campus Library
|e 42984, 42985
|
| 650 |
|
0 |
|a English language
|x Study and teaching.
|9 12990
|
| 650 |
|
0 |
|a English language
|x Grammar
|x Study and teaching.
|9 14601
|
| 650 |
|
0 |
|a Language arts.
|9 14597
|
| 650 |
|
0 |
|a English language
|x Composition and exercises.
|9 14602
|
| 710 |
2 |
|
|a Glencoe Publishing Co.
|9 14603
|
| 852 |
|
|
|a Ayesha Abed Library
|
| 942 |
|
|
|2 ddc
|c BK
|
| 999 |
|
|
|c 46936
|d 46936
|
| 952 |
|
|
|0 0
|1 0
|2 ddc
|4 0
|6 420_710000000000000_WRI
|7 0
|9 76119
|a SCL
|b SCL
|c GEN
|d 2024-09-04
|e Donation from the Asia Foundation/Savar Campus Library
|l 0
|o 420.71 WRI
|p 3020042984
|r 2024-09-04
|t 1
|w 2024-09-04
|y BK
|x Donation from the Asia Foundation/Savar Campus Library
|
| 952 |
|
|
|0 0
|1 0
|2 ddc
|4 0
|6 420_710000000000000_WRI
|7 0
|9 76120
|a SCL
|b SCL
|c GEN
|d 2024-09-04
|e Donation from the Asia Foundation/Savar Campus Library
|l 0
|o 420.71 WRI
|p 3020042985
|r 2024-09-04
|t 2
|w 2024-09-04
|y BK
|x Donation from the Asia Foundation/Savar Campus Library
|